000 00301nam a22001337a 4500
008 171005b xxu||||| |||| 00| 0 eng d
020 _a9780471763833
041 _aeng
080 _25 ED
_a159.9
100 _a48
101 _aPSI
245 _aRESEARCH PSYCHOLOGY
_cGOODWIN.C.J
942 _2udc
_cBK
999 _c31920
_d31920